| 000 | 01290nam a2200325Ia 4500 | ||
|---|---|---|---|
| 001 | 1798 | ||
| 003 | IT-RoPAU | ||
| 008 | 130308s9999 xx 000 0 und d | ||
| 040 | _aIT-RoPAU | ||
| 040 | _cIT-RoPAU | ||
| 041 | _aITALIANO | ||
| 100 | _aAA.VV. | ||
| 100 | _gCodice Aut. SPICS: 12000 | ||
| 245 | _aCanzone francese (La)-La rabbia e la speranza nei testi dei più grandi chansonnier dalla comune di Parigi a oggi | ||
| 245 | _bCanzone Francese (La)-La Rabbia e la speranza Nei Testi dei Piu' Grandi Chansonnier Dalla Comune di Parigi a Oggi | ||
| 250 | _a1a ed. | ||
| 260 | _aROMA | ||
| 260 | _bSavelli | ||
| 260 | _c1979 [1° Ed.:1979 - Ed.Ling.Originale:] | ||
| 300 | _a"192 p. (prefazione: no ; testo: 192)" | ||
| 500 | _aAutori Aznavour Trenet Brassens Ferre' Brel Pottier e Altri Canzone e Rivoluzione Canzone militante canzoni della Comune Canzone moderna di Bruant Montehus Trenet strada e Letteratura Anarchia e Disobbedienza Civile Canzone e Industria Rivolta e Mercificazione Contemporanei Discografia Selettiva della Canzone Francese | ||
| 650 | _aAUTORI/OPERE DI MUSICA | ||
| 650 | _eCodice materia Spics: 7007 | ||
| 700 | _aArmellini Guido | ||
| 700 | _gCodice Aut. SPICS: 9798 | ||
| 942 | _cBK | ||
| 957 | _71 | ||
| 999 |
_c73769 _d73769 |
||
| 999 | _bSI | ||
| 999 | _g1 | ||